| 000 | 00490nam a2200193Ia 4500 | ||
|---|---|---|---|
| 005 | 20250423095449.0 | ||
| 008 | 250422s9999 xx 000 0 und d | ||
| 020 | _a9780781744805 | ||
| 050 | _aRT 41 .T39/ | ||
| 100 | _aTaylor, Carol | ||
| 245 | 0 | _aFundamentals of nursing: the art and science of nursing care | |
| 250 | _a5th ed. | ||
| 260 | _aPhiladelphia | ||
| 260 | _bLippincott Williams & Wilkins | ||
| 260 | _c2005 | ||
| 300 | _a1555 p | ||
| 650 | _a Nursing. | ||
| 942 | _cBK | ||
| 999 |
_c30354 _d30354 |
||